|
|
|
|
| LEADER |
00000nab a2200000 a 4500 |
| 001 |
vtls000606508 |
| 003 |
SK-MaSNL |
| 005 |
20260304085241.0 |
| 008 |
250425c1996 xo 0 slo |
| 015 |
|
|
|a SNBRB19rr/mm-uuuuu
|
| 035 |
|
|
|a CL0606647
|
| 035 |
|
|
|a (urnnbn)urn:nbn:sk:snk:ar-002aca
|
| 035 |
|
|
|a (uuid)8aac4b62-224a-4106-a7c1-aa9f1e2fca27
|
| 035 |
|
|
|a urn:nbn:sk:snk-ab7rkg
|
| 040 |
|
|
|a SNKBUCL
|b slo
|c SNKBUCL
|e AACR2
|
| 041 |
0 |
|
|a slo
|
| 044 |
|
|
|a xo
|c SK
|
| 080 |
|
|
|a 904(436.7):728.8
|2 1981
|
| 080 |
|
|
|a 728.8
|2 1981
|
| 100 |
1 |
|
|a Križanová, Eva,
|d 1932-2021
|4 aut
|9 105246
|
| 245 |
1 |
0 |
|a Kaštiele v Čachticiach
|c Eva Križanová, Júlia Takátsová
|
| 300 |
|
|
|b Obr. 8, lit. 2 zázn. v slov.
|
| 650 |
0 |
7 |
|a kaštiele
|2 snkbucl
|9 28599
|
| 651 |
|
7 |
|a Čachtice (Slovensko)
|2 snkbucl
|9 169311
|
| 655 |
|
7 |
|a články z novín a časopisov
|2 snkbucl
|9 267496
|
| 700 |
1 |
|
|a Takátsová, Júlia
|4 aut
|9 349363
|
| 773 |
0 |
|
|t Pamiatky a múzeá
|g Č. 4 (1996), s. 24-27
|
| 850 |
|
|
|a Slovenská národná knižnica
|
| 852 |
|
|
|a Slovenská národná knižnica
|
| 954 |
|
|
|a odborná, vedecká literatúra pôvodná (slovenská)
|2 lita
|
| 957 |
|
|
|a 5210
|
| 958 |
|
|
|a article9
|
| 958 |
|
|
|a SK
|
| 958 |
|
|
|a RK
|
| 958 |
|
|
|a OND
|
| 958 |
|
|
|a EUIPO
|
| 992 |
|
|
|a RBX
|
| 999 |
|
|
|c 2807166
|d 2809096
|